| 000 | 01356cam a22003738a 4500 | ||
|---|---|---|---|
| 001 | 591389 | ||
| 003 | ARRUPE | ||
| 005 | 20150717132843.0 | ||
| 008 | 870827s1987 nyua b 011 0 eng | ||
| 010 | _a 87011312 | ||
| 035 | _a(OCoLC)15630642 | ||
| 035 | _a(OCoLC)ocm15630642 | ||
| 035 | _a(CStRLIN)NYCG87-B71060 | ||
| 035 | _a(NNC)591389 | ||
| 040 |
_dCSt _cDCL |
||
| 043 | _aaw----- | ||
| 050 | 0 |
_aQ11 _b.N5 |
|
| 082 | 0 |
_a509.56 _219 |
|
| 100 |
_aKennedy, E. S. _918392 |
||
| 245 | 0 | 0 |
_aFrom deferent to equant : _ba volume of studies in the history of science in the ancient and medieval Near East in honor of E.S. Kennedy / _cedited by David A. King and George Saliba. |
| 260 |
_aNew York, N.Y. : _bNew York Academy of Sciences, _c1987. |
||
| 300 |
_a569 p. : _bill. ; _c23 cm. |
||
| 490 | 1 |
_aAnnals of the New York Academy of Sciences ; _vv. 500 |
|
| 504 | _aIncludes bibliographies and index. | ||
| 600 | 1 | 0 |
_aKennedy, E. S. _q(Edward Stewart), _d1912- . _918393 |
| 650 | 0 |
_aScience, Medieval. _918347 |
|
| 650 | 0 |
_aScience _zMiddle East _xHistory. _918394 |
|
| 700 | 1 |
_aKennedy, E. S. _q(Edward Stewart), _d1912-2009. _918395 |
|
| 700 | 1 |
_aKing, David A., _d1941- _918396 |
|
| 700 | 1 |
_aSaliba, George. _918397 |
|
| 830 | 0 |
_aAnnals of the New York Academy of Sciences ; _vv. 500. _918398 |
|
| 942 |
_2lcc _cMONOGRAPH |
||
| 999 |
_c123000 _d123000 |
||